On This Day: September 25th II Quiz Stats

 Plays Quiz Updated Sep 25, 2018

Score 0/7 Timer 03:00
0 Plays Today
Question Answer Wrong Answers
In Boston, the groundbreaking for this baseball stadium begins.
1911
Fenway Park
87.1%
Wrigley Field
9.8%
Citi Field
0.9%
Gillette Stadium
2.1%
In a controversial referendum, 92% of ______ Kurds vote in favor of independence.
2017
Iraqi
78.2%
Jordanian
6.8%
Egyptian
5.3%
Tunisian
8.2%
This woman begins her tenure as the first female United States Supreme Court Justice.
1981
Sandra Day O'Connor
77.6%
Ruth Bader Ginsburg
17.9%
Sonia Sotomayor
2.3%
Elena Kagan
1.4%
This American actor and rapper, who performs music under the stage name ‘Childish Gambino’, is born.
1983
Donald Glover
58.2%
Chancelor Bennett
13.8%
Aubrey Graham
10.2%
Malcolm McCormick
16.8%
The People’s Democratic Republic of ______ is formally proclaimed, with Ferhat Abbas elected as President of the provisional government.
1962
Algeria
44.5%
Iran
20.7%
Saudi Arabia
14.5%
Kenya
19.7%
This American basketball player famously jumps over 7’2’’ Frédéric Weis in 2000 Summer Olympics, known in France as ‘le dunk de la mort’ (the dunk of death).
2000
Vince Carter
38.7%
Kobe Bryant
45.9%
Tracy McGrady
8%
Ray Allen
6.1%
The United States Congress establishes this national park, which is home to Mount Whitney, the highest point in the contiguous 48 United States.
1890
Sequoia National Park
22.7%
Yellowstone National Park
21.9%
Yosemite National Park
31.6%
Grand Teton National Park
23.7%

You're not logged in!

Compare scores with friends on all Sporcle quizzes.
OR
Log In

Sporcle TV

Today on Sporcle TV


Watch our educational content, quiz creation guides, and fun videos on Sporcle TV.

Show Comments

Extras

Top Quizzes Today


Score Distribution

Your Account Isn't Verified!

In order to create a playlist on Sporcle, you need to verify the email address you used during registration. Go to your Sporcle Settings to finish the process.

Report this User

Report this user for behavior that violates our Community Guidelines.

Details: